• 首页
  • 本馆介绍
  • 公告通知
  • 最新文献
  • 馆藏检索
  • 电子资源
  • 读者导购
  • 参考咨询
  • 我的图书馆
  • 登录
  • 详细信息显示
  • 放入我的书架
  • 预约/预借图书
  • 作者相关作品
  • 分类相关作品
  • 丛书相关作品
  • 出版社相关作品

书目信息

  • 表格格式
  • 工作单格式
  • 卡片格式
题名:
中国动物志
    
 
作者: 徐凤山 编著
分册:   原鳃亚纲,异韧带亚纲
出版信息: 北京   科学出版社  1999.8
页数: 244页
开本: 16开
丛书名:
单 册:
中图分类: Q958.2
科图分类:
主题词: 动物生态学 , 动物地理学
电子资源:
ISBN: 7-03-007027-5
000 00812nam0 2200241 45
001 0009180835
005 20031219104046.0
010    @a7-03-007027-5@b精装@dCNY39.00
100    @a20000918d1999 km y0chiy0120 ea
101 0  @achi
105    @a z 000yy
200 1  @a中国动物志@AZhong Guo Dong Wu Zhi@e软体动物门@e双壳纲@i原鳃亚纲,异韧带亚纲@ERuan Ti Dong Wu Men@EShuang Ke Gang@f徐凤山编著@FXu Feng Shan Bian Zhu
210    @a北京@c科学出版社@d1999.8
215    @a244页@c插图@d16开
517    @a软体动物门@ARuan Ti Dong Wu Men
517    @a原鳃亚纲,异韧带亚纲@AYuan Sai Ya Gang,Yi Ren DaiYa Gang
517    @a双壳纲@AShuang Ke Gang
606 0  @a动物生态学
606 0  @a动物地理学
690    @aQ958.2@v1
701  0 @a徐凤山@4编著
801    @aCN@bTSTC@c20000918
905    @b290130@dQ958.2@e11:1(11)@f1
    
    中国动物志:软体动物门:双壳纲.原鳃亚纲,异韧带亚纲/徐凤山编著.-北京:科学出版社,1999.8
    244页:插图;16开
    
    
    ISBN 7-03-007027-5(精装):CNY39.00
    
●
相关链接 在E读中查询图书 在五车中查询图书 在当当中查询图书 在豆瓣中查询图书


正题名:中国动物志     索取号:Q958.2/11:1(11)         预约/预借

序号 登录号 条形码 馆藏地/架位号 状态 备注
1 0290130   002901300   第二样本阅览室/ [索取号:Q958.2/11:1(11)] 在馆    
唐山师范学院图书馆 欢迎您!
大连网信软件有限公司© 版权所有